000 00436nam a2200157Ia 4500
008 120926t1987 xxu||||| |||| 00| 0 sin d
041 _asin
080 _a8 S (3 - 053. 2) (26) (Yo
_bth)
245 _aනාඩගම්කාර පළඟැටියෝ
246 _aNadagamkara Palagatiyo
260 _aS. Godage
_aColombo
_c1987
300 _b52p, 21 cm
942 _cBK
999 _c42870
_d42870
003 LK-CoDNM
040 _aLK-CoDNM
_dLK-CoDNM
_eLK-CoDNM